[Event "March Blitz"]
[Site "SchemingMind.com"]
[Date "2015.03.19"]
[Round "-"]
[White "Stephen Woodhouse"]
[Black "frankly"]
[Result "0-1"]
[WhiteCountry "ENG"]
[BlackCountry "ENG"]
[WhiteElo "1859"]
[WhiteRD "49"]
[BlackElo "2425"]
[BlackRD "64"]
[GameID "376941"]

1. e4 c5 2. c3 e6 3. d4 d5 4. exd5 exd5 5. Nf3 Nc6 6. Bb5 Bd6 7. dxc5 Bxc5 8. O-O Nf6 9. Bg5 Be6 10. Nbd2 O-O
11. Nb3 Bb6 12. Nfd4 Bd7 13. Bd3 Re8 14. Qf3 Ne5 15. Qg3 Nxd3 16. Qxd3 h6 17. Bh4 g5 18. Bg3 Ne4 19. Rae1 a6 20. Kh1 Qf6
21. f3 Nxg3+ 22. hxg3 Rxe1 23. Rxe1 Qd6 24. Nf5 Bxf5 25. Qxf5 Qxg3 26. Re7 Rf8 27. Qh3 Qf2 28. Nd4 Bc5 29. Rxb7 Re8 30. Qd7 Re1+
31. Kh2 Bd6+ 32. Qxd6 Qh4#
0-1

[Event "March Blitz"]
[Site "SchemingMind.com"]
[Date "2015.03.19"]
[Round "-"]
[White "frankly"]
[Black "Stephen Woodhouse"]
[Result "1-0"]
[WhiteCountry "ENG"]
[BlackCountry "ENG"]
[WhiteElo "2425"]
[WhiteRD "64"]
[BlackElo "1859"]
[BlackRD "49"]
[GameID "376942"]

1. d4 e6 2. Nf3 d5 3. c4 c5 4. Nc3 Nc6 5. cxd5 exd5 6. dxc5 d4 7. Na4 Bxc5 8. Nxc5 Qa5+ 9. Bd2 Qxc5 10. b4 Nxb4
11. Rc1 Qb6 12. e3 Nc6 13. Rb1 Qd8 14. Nxd4 Nxd4 15. exd4 Nf6 16. Bb4 Nd5 17. Bb5+ Bd7 18. Qe2+ Ne7 19. Bxe7 Qxe7 20. Bxd7+
1-0

[Event "March Blitz"]
[Site "SchemingMind.com"]
[Date "2015.03.21"]
[Round "-"]
[White "Kent"]
[Black "Stephen Woodhouse"]
[Result "1-0"]
[WhiteCountry "USA"]
[BlackCountry "ENG"]
[WhiteElo "2174"]
[WhiteRD "61"]
[BlackElo "1859"]
[BlackRD "49"]
[GameID "377086"]

1. d4 e6 2. c4 d5 3. Nc3 c5 4. cxd5 exd5 5. Nf3 Nc6 6. g3 Nf6 7. Bg2 Be7 8. O-O O-O 9. Bg5 c4 10. Ne5 Be6
11. b3 h6 12. Bxf6 Bxf6 13. Nxc6 bxc6 14. bxc4 dxc4 15. e3 Be7 16. Bxc6 Qa5 17. Bxa8 Rxa8 18. Qc2 Bb4 19. Ne2 Rc8 20. Rfd1 Bd7
21. d5 Ba4 22. Qf5 Qc7 23. Rd4 Bd6 24. Nc3 Bd7 25. Qh5 Bb4 26. Ne4 f5 27. Nf6+ gxf6 28. Qg6+ Kh8 29. Qxf6+ Kg8 30. d6 Qd8
31. Qg6+ Kf8 32. Qxh6+ Kg8 33. Qg6+ Kf8 34. Rh4
1-0

[Event "March Blitz"]
[Site "SchemingMind.com"]
[Date "2015.03.21"]
[Round "-"]
[White "Stephen Woodhouse"]
[Black "Kent"]
[Result "0-1"]
[WhiteCountry "ENG"]
[BlackCountry "USA"]
[WhiteElo "1859"]
[WhiteRD "49"]
[BlackElo "2174"]
[BlackRD "61"]
[GameID "377087"]

1. e4 e6 2. d4 d5 3. Nd2 c5 4. exd5 Qxd5 5. Ngf3 cxd4 6. Bc4 Qd6 7. O-O Nf6 8. Nb3 Nc6 9. Nbxd4 Nxd4 10. Qxd4 Qxd4
11. Nxd4 Bd7 12. Bf4 Rc8 13. Bb3 Bc5 14. Rad1 O-O 15. c3 Rfd8 16. Rfe1 h6 17. h3 b5 18. a3 a5 19. Be3 Be7 20. Rd3 e5
21. Nc2 Bf5 22. Rxd8+ Rxd8 23. Re2 Rd1+ 24. Kh2 Rb1 25. Ne1 a4 26. Bc2 Bxc2 27. Rxc2 Rxe1 28. c4 bxc4 29. Rxc4 Re2 30. Rxa4 Rxb2
31. Ra8+ Kh7 32. a4 Nd5 33. a5 Nxe3 34. fxe3 Ra2 35. a6 Kg6
0-1

[Event "March Blitz"]
[Site "SchemingMind.com"]
[Date "2015.03.21"]
[Round "-"]
[White "Kent"]
[Black "frankly"]
[Result "1/2-1/2"]
[WhiteCountry "USA"]
[BlackCountry "ENG"]
[WhiteElo "2174"]
[WhiteRD "61"]
[BlackElo "2425"]
[BlackRD "64"]
[GameID "377088"]

1. d4 Nf6 2. c4 e6 3. Nc3 Bb4 4. e3 b6 5. Ne2 c5 6. a3 Ba5 7. Rb1 Qe7 8. Bd2 O-O 9. b4 cxb4 10. axb4 Bxb4
11. Rxb4 Qxb4 12. Nd5 Qb2 13. Nxf6+ gxf6 14. Nf4 Nc6 15. Bd3 f5 16. g4 Ne7 17. gxf5 exf5 18. Nh5 Bb7 19. Rg1+ Ng6 20. Bxf5 Rfc8
21. f4 Rxc4 22. Bd3 Rc7 23. f5 Rac8 24. fxg6 fxg6 25. Qg4 Ba6 26. Nf6+ Kg7 27. Bxa6 Qa1+ 28. Kf2 Qxa6 29. Nh5+ Kg8 30. Qf4 d6
31. Nf6+ Kg7 32. Nh5+= Kg8 33. Nf6+ Kg7=
1/2-1/2

[Event "March Blitz"]
[Site "SchemingMind.com"]
[Date "2015.03.21"]
[Round "-"]
[White "frankly"]
[Black "Kent"]
[Result "1-0"]
[WhiteCountry "ENG"]
[BlackCountry "USA"]
[WhiteElo "2425"]
[WhiteRD "64"]
[BlackElo "2174"]
[BlackRD "61"]
[GameID "377089"]

1. d4 d5 2. Nf3 Nf6 3. c4 e6 4. Bg5 Be7 5. e3 h6 6. Bxf6 Bxf6 7. Nc3 O-O 8. Rc1 c6 9. Bd3 Nd7 10. O-O dxc4
11. Bxc4 e5 12. Ne4 exd4 13. Nxd4 Be5 14. f4 Bxd4 15. Qxd4 Nb6 16. Nd6 Nxc4 17. Rxc4 Be6 18. Rcc1 Qb6 19. Qxb6 axb6 20. a3 Rad8
21. Rfd1 f5 22. Nxb7 Rxd1+ 23. Rxd1 Bd5 24. Nd6 g6 25. h4 b5 26. Kf2 Kg7 27. Nb7 Kf6 28. Nc5 Ke7 29. Nd3 Ke6 30. Rc1 Kd6
31. Ra1 Rg8 32. Rd1 Ke6 33. g3 Rg7 34. Nc5+ Kd6 35. b4 Ra7 36. Ra1 Ke7 37. a4 bxa4 38. Rxa4 Rxa4 39. Nxa4 Kd6 40. Nc5 Kc7
41. e4 fxe4 42. Ke3 Kb6 43. Nxe4 Kb5 44. h5 gxh5 45. f5 Kxb4 46. Kd4 Ba2 47. f6 Bg8 48. Nd6 c5+ 49. Ke3 c4 50. f7
1-0

[Event "March Blitz"]
[Site "SchemingMind.com"]
[Date "2015.03.26"]
[Round "-"]
[White "David Carter"]
[Black "Kent"]
[Result "0-1"]
[WhiteCountry "USA"]
[BlackCountry "USA"]
[WhiteElo "2033"]
[WhiteRD "70"]
[BlackElo "2176"]
[BlackRD "61"]
[GameID "377254"]

1. Nf3 d5 2. g3 c6 3. Bg2 Bg4 4. O-O Nd7 5. d4 e6 6. Nbd2 Ngf6 7. b3 Be7 8. Bb2 O-O 9. c4 a5 10. a3 h6
11. Re1 Bf5 12. Ne5 Nxe5 13. dxe5 Nd7 14. e4 dxe4 15. Nxe4 Nc5 16. Nd6 Bxd6 17. Qxd6 Nxb3
0-1

[Event "March Blitz"]
[Site "SchemingMind.com"]
[Date "2015.03.26"]
[Round "-"]
[White "Kent"]
[Black "David Carter"]
[Result "1/2-1/2"]
[WhiteCountry "USA"]
[BlackCountry "USA"]
[WhiteElo "2176"]
[WhiteRD "61"]
[BlackElo "2033"]
[BlackRD "70"]
[GameID "377255"]

1. d4 d5 2. c4 e6 3. Nc3 Nf6 4. cxd5 exd5 5. Bg5 Nbd7 6. e3 c6 7. Bd3 Be7 8. Nge2 Nh5 9. Bxe7 Qxe7 10. O-O g6
11. Rb1 a5 12. Qd2 Ndf6 13. f3 O-O 14. Rfe1 Be6 15. e4 dxe4 16. fxe4 a4 17. Rf1 a3 18. b3 Rad8 19. e5 Nd5 20. Nxd5 Rxd5
21. Bc4 Rd7 22. Bxe6 Qxe6 23. Qa5 Qg4 24. Rf2 Ng7 25. Qxa3 Ne6 26. Rbf1 Nxd4 27. Nxd4 Qxd4 28. e6 Rd6 29. exf7+ Kg7 30. Qb2 Qxb2=
1/2-1/2

[Event "March Blitz"]
[Site "SchemingMind.com"]
[Date "2015.03.26"]
[Round "-"]
[White "David Carter"]
[Black "Stephen Woodhouse"]
[Result "0-1"]
[WhiteCountry "USA"]
[BlackCountry "ENG"]
[WhiteElo "2033"]
[WhiteRD "70"]
[BlackElo "1873"]
[BlackRD "50"]
[GameID "377256"]

1. Nf3 e6 2. g3 d5 3. Bg2 c5 4. O-O Nc6 5. d3 Nf6 6. Nbd2 Be7 7. e4 dxe4 8. dxe4 e5 9. c3 Bg4 10. h3 Bh5
11. Nc4 Qxd1 12. Rxd1 Bxf3 13. Bxf3 Rd8 14. Rxd8+ Kxd8 15. a4 Kc7 16. Kf1 Rd8 17. Ke2 Nd7 18. Bg2 Nb6 19. Ne3 a5 20. Nd5+ Nxd5
21. exd5 Na7 22. Be3 Nc8 23. b3 b6 24. Rc1 Nd6 25. b4 Nc4 26. bxa5 Nxa5 27. Be4 Nc4 28. Rb1 Ra8
0-1

[Event "March Blitz"]
[Site "SchemingMind.com"]
[Date "2015.03.26"]
[Round "-"]
[White "Stephen Woodhouse"]
[Black "David Carter"]
[Result "0-1"]
[WhiteCountry "ENG"]
[BlackCountry "USA"]
[WhiteElo "1873"]
[WhiteRD "50"]
[BlackElo "2033"]
[BlackRD "70"]
[GameID "377257"]

1. e4 e5 2. Nf3 Nf6 3. d4 exd4 4. e5 Ne4 5. Qe2 Bb4+ 6. Nbd2 Nxd2 7. Bxd2 Bxd2+ 8. Qxd2 Nc6 9. Bb5 Qe7 10. O-O O-O
11. Rfe1 Qb4 12. Bxc6 Qxd2 13. Nxd2 dxc6 14. Nb3 c5 15. Nxc5 b6 16. Nb3 c5 17. Rad1 Bf5 18. Rd2 Rfe8 19. h3 h5 20. Rde2 Rad8
21. f4 a5 22. Kf2 a4 23. Nc1 h4 24. Rg1 Rd7 25. g4 hxg3+ 26. Rxg3 c4 27. Ke1 b5 28. h4 Kf8 29. Rg5 g6 30. h5 d3
31. cxd3 cxd3 32. Rd2 f6 33. Rg3 fxe5 34. fxe5 Rxe5+ 35. Kf2 gxh5 36. Nxd3 Red5 37. Ke2 Rxd3 38. Rgxd3 Rxd3 39. Rxd3 Bxd3+
0-1

[Event "March Blitz"]
[Site "SchemingMind.com"]
[Date "2015.03.26"]
[Round "-"]
[White "David Carter"]
[Black "frankly"]
[Result "0-1"]
[WhiteCountry "USA"]
[BlackCountry "ENG"]
[WhiteElo "2033"]
[WhiteRD "70"]
[BlackElo "2421"]
[BlackRD "63"]
[GameID "377258"]

1. Nf3 d5 2. g3 Nf6 3. Bg2 c5 4. O-O e6 5. d3 Be7 6. Nbd2 O-O 7. e4 Qc7 8. Re1 Nc6 9. e5 Nd7 10. Qe2 b5
11. Nf1 h6 12. h4 Bb7 13. h5 Rfd8 14. N1h2 Rac8 15. Bf4 Qb6 16. Ng4 Nd4 17. Qd2 c4 18. Nfh2 Nf5 19. Ne3 Nxe3 20. Bxe3 d4
21. Bxd4 Qxd4 22. Bxb7 Rb8 23. Nf3 Qxb2 24. Rab1 Qa3 25. Rxb5 a6 26. Rbb1 Nc5
0-1

[Event "March Blitz"]
[Site "SchemingMind.com"]
[Date "2015.03.26"]
[Round "-"]
[White "frankly"]
[Black "David Carter"]
[Result "1-0"]
[WhiteCountry "ENG"]
[BlackCountry "USA"]
[WhiteElo "2421"]
[WhiteRD "63"]
[BlackElo "2033"]
[BlackRD "70"]
[GameID "377259"]

1. d4 d5 2. Nf3 e6 3. c4 Nf6 4. Nc3 Nbd7 5. cxd5 exd5 6. Bg5 c6 7. e3 Bd6 8. Bd3 O-O 9. O-O Re8 10. Qc2 Nf8
11. h3 h6 12. Bh4 g5 13. Bg3 Bxg3 14. fxg3 Rxe3 15. Ne5 Qb6 16. Rxf6 Qxd4 17. Qf2 Qxe5 18. Rxf7 Be6 19. Rf1 Rxd3 20. Rxf8+ Rxf8
21. Qxf8+ Kh7 22. Qe7+ Kg6 23. Qe8+ Kh7 24. Rf7+
1-0

[Event "March Blitz"]
[Site "SchemingMind.com"]
[Date "2015.03.27"]
[Round "-"]
[White "David Carter"]
[Black "David Perna-Fraser"]
[Result "0-1"]
[WhiteCountry "USA"]
[BlackCountry "CAN"]
[WhiteElo "2033"]
[WhiteRD "70"]
[BlackElo "2257"]
[BlackRD "56"]
[GameID "377328"]

1. Nf3 f5 2. g3 Nf6 3. Bg2 e6 4. O-O Be7 5. b3 O-O 6. Bb2 d6 7. d4 Qe8 8. Nbd2 Nc6 9. Re1 Ne4 10. Nxe4 fxe4
11. Nd2 Qf7 12. Rf1 d5 13. e3 Bd7 14. f3 exf3 15. Rxf3 Qg6 16. e4 e5 17. dxe5 Bc5+ 18. Kh1 d4 19. Qe2 Nxe5 20. Rxf8+ Rxf8
21. Nf3 Nxf3 22. Bxf3 Qf6 23. Bg2 Qe5 24. b4 Bb6 25. Rf1 Rxf1+ 26. Qxf1 Qe6 27. a4 Bxa4
0-1

[Event "March Blitz"]
[Site "SchemingMind.com"]
[Date "2015.03.27"]
[Round "-"]
[White "David Perna-Fraser"]
[Black "David Carter"]
[Result "1/2-1/2"]
[WhiteCountry "CAN"]
[BlackCountry "USA"]
[WhiteElo "2273"]
[WhiteRD "57"]
[BlackElo "2049"]
[BlackRD "74"]
[GameID "377329"]

1. e4 e5 2. Nf3 Nf6 3. Nxe5 d6 4. Nf3 Nxe4 5. d4 d5 6. Bd3 Bd6 7. O-O O-O 8. c4 Be6 9. Re1 Re8 10. c5 Be7
11. Nc3 Nxc3 12. bxc3 Nd7 13. Bf4 b6 14. Qc2 Nf8 15. Ne5 Bf6 16. Bb5 Bxe5 17. Bxe5 Re7 18. Rad1 Bd7 19. Bf1 Bc6 20. c4 Qd7
21. Rc1 Rae8 22. cxb6 cxb6 23. f3 f6 24. Bg3 Rxe1 25. Bxe1 dxc4 26. Bxc4+ Bd5 27. Qb3 Bxc4 28. Qxc4+ Qf7 29. d5 Rd8 30. Rd1 Ng6
31. Bb4 h5 32. a4 Ne7 33. Bxe7 Qxe7 34. d6+ Qf7 35. Qe2 Qe8 36. Qxe8+ Rxe8 37. f4 f5 38. Rd5 g6 39. Re5 Kf7 40. Kf2 Re6
41. Rd5 Ke8 42. d7+=
1/2-1/2

[Event "March Blitz"]
[Site "SchemingMind.com"]
[Date "2015.03.27"]
[Round "-"]
[White "Kent"]
[Black "David Perna-Fraser"]
[Result "1-0"]
[WhiteCountry "USA"]
[BlackCountry "CAN"]
[WhiteElo "2176"]
[WhiteRD "61"]
[BlackElo "2257"]
[BlackRD "56"]
[GameID "377330"]

1. d4 e6 2. c4 f5 3. g3 Nf6 4. Bg2 Be7 5. Nf3 O-O 6. O-O d6 7. Nc3 Ne4 8. Qc2 Nxc3 9. Qxc3 Nd7 10. b4 Nf6
11. Nd2 Qe8 12. e4 f4 13. Bb2 a5 14. b5 Nd7 15. Nf3 Qh5 16. Rae1 Nb6 17. Qb3 Bd7 18. a4 Rf7 19. c5 dxc5 20. dxc5 Qxc5
21. Ne5 fxg3 22. Nxf7 gxh2+ 23. Kh1 Kxf7 24. Re3 Qb4 25. Rc1 Qxb3 26. Rxb3 Rc8 27. Ra1 Nc4 28. Rf3+ Kg8 29. Bc3 Bb4 30. Rc1 c5
31. Bxg7 Kxg7 32. Rxc4 e5 33. Bh3 Bxh3 34. Rxh3 b6 35. Rh5 Rf8 36. Rxe5 Rxf2 37. Re7+ Kg8 38. e5
1-0

[Event "March Blitz"]
[Site "SchemingMind.com"]
[Date "2015.03.27"]
[Round "-"]
[White "David Perna-Fraser"]
[Black "Kent"]
[Result "1-0"]
[WhiteCountry "CAN"]
[BlackCountry "USA"]
[WhiteElo "2257"]
[WhiteRD "56"]
[BlackElo "2176"]
[BlackRD "61"]
[GameID "377331"]

1. d4 d5 2. c4 c6 3. Nc3 e6 4. e4 dxe4 5. Nxe4 Bb4+ 6. Bd2 Qxd4 7. Bxb4 Qxe4+ 8. Be2 Na6 9. Bd6 Qxg2 10. Qd2 Nf6
11. Bf3 Qg6 12. Ne2 e5 13. Bxe5 Be6 14. O-O-O Qf5 15. Bf4 Bxc4 16. Ng3 Qc5 17. Be3 Qb4 18. Nf5 Qxd2+ 19. Rxd2 Kf8 20. Bf4 Ne8
21. Nd6 Be6 22. Nxb7 Nb4 23. Be3 Nd5 24. Bc5+ Kg8 25. Na5 Rc8 26. Bxa7 h6 27. b3 Kh7 28. Kb2 Nef6 29. Rc1 Bd7 30. Bd4 Ra8
31. Bxf6 Rxa5 32. Be4+ Kg8 33. Bc3 Ra7 34. Bxd5 cxd5 35. Rg1
1-0

[Event "March Blitz"]
[Site "SchemingMind.com"]
[Date "2015.03.27"]
[Round "-"]
[White "Stephen Woodhouse"]
[Black "David Perna-Fraser"]
[Result "0-1"]
[WhiteCountry "ENG"]
[BlackCountry "CAN"]
[WhiteElo "1859"]
[WhiteRD "49"]
[BlackElo "2257"]
[BlackRD "58"]
[GameID "377332"]

1. e4 e5 2. Nf3 Nf6 3. d4 Nxe4 4. Bd3 d5 5. Nxe5 Bd6 6. O-O O-O 7. Re1 f5 8. f3 Nd7 9. Nxd7 Bxd7 10. fxe4 fxe4
11. Be2 Qh4 12. g3 Bxg3 13. hxg3 Qxg3+ 14. Kh1 Rf2
0-1

[Event "March Blitz"]
[Site "SchemingMind.com"]
[Date "2015.03.27"]
[Round "-"]
[White "David Perna-Fraser"]
[Black "Stephen Woodhouse"]
[Result "1/2-1/2"]
[WhiteCountry "CAN"]
[BlackCountry "ENG"]
[WhiteElo "2257"]
[WhiteRD "56"]
[BlackElo "1873"]
[BlackRD "50"]
[GameID "377333"]

1. d4 e6 2. c4 d5 3. Nc3 c5 4. cxd5 exd5 5. Nf3 Nc6 6. g3 Nf6 7. Bg2 Be7 8. O-O O-O 9. dxc5 Bxc5 10. Bg5 d4
11. Ne4 Be7 12. Bxf6 Bxf6 13. b4 Nxb4 14. Nxf6+ Qxf6 15. Qxd4 Qe7 16. Qb2 Nc6 17. Rfd1 Rb8 18. Rac1 Be6 19. Ne5 Nxe5 20. Qxe5 Rfd8
21. Bd5 Kf8 22. Rc7 Qe8 23. Qh5 Kg8 24. e4 g6 25. Qg5 Rd7 26. Qe5 Rbd8 27. Rxd7 Rxd7 28. Rb1 Qe7 29. Qb8+ Kg7 30. Qxa7 Bxd5
31. Qd4+ Qf6 32. Qxf6+ Kxf6 33. exd5 Rxd5 34. Rxb7 Rd2 35. a4 Ra2 36. Ra7 h5 37. h4 Ke6 38. a5 Kf6 39. Kg2 Kg7 40. Kf3 Kf6
41. a6 Ke6 42. Ke3 f6 43. Ra8 Kf7 44. a7 Kg7 45. f3 Ra3+ 46. Kd4 Ra4+ 47. Kc5 Ra1 48. Kb6=
1/2-1/2

[Event "March Blitz"]
[Site "SchemingMind.com"]
[Date "2015.03.27"]
[Round "-"]
[White "frankly"]
[Black "David Perna-Fraser"]
[Result "1/2-1/2"]
[WhiteCountry "ENG"]
[BlackCountry "CAN"]
[WhiteElo "2421"]
[WhiteRD "63"]
[BlackElo "2257"]
[BlackRD "56"]
[GameID "377334"]

1. d4 Nf6 2. Nf3 g6 3. c4 c5 4. d5 d6 5. Nc3 Bg7 6. e4 O-O 7. Be2 e6 8. Bf4 exd5 9. exd5 Re8 10. O-O Ne4
11. Nxe4 Rxe4 12. Bg5 Qf8 13. Bd3 Re8 14. Qb3 Nd7 15. Rae1 f6 16. Bd2 Rxe1 17. Rxe1 Ne5 18. Nxe5 fxe5 19. Bg5 Bf6 20. Be3 b6
21. Qc2 Bd7 22. Be4 Rb8 23. b3 Qe7 24. a4 a5 25. Qc1 Rf8 26. Bh6 Bg7 27. Bg5 Bf6 28. Bd2 Bg4 29. f3 Bd7 30. g3 Bg7
31. Kg2 Bf5 32. h4 Bxe4 33. Rxe4 Qd7 34. Qe1 Qf5 35. Qe2 h5 36. Bg5 Bf6 37. Bxf6 Qxf6 38. f4 Re8 39. fxe5 Rxe5 40. Rxe5 Qxe5
41. Qxe5 dxe5 42. Kf3 Kf7=
1/2-1/2

[Event "March Blitz"]
[Site "SchemingMind.com"]
[Date "2015.03.27"]
[Round "-"]
[White "David Perna-Fraser"]
[Black "frankly"]
[Result "1/2-1/2"]
[WhiteCountry "CAN"]
[BlackCountry "ENG"]
[WhiteElo "2257"]
[WhiteRD "56"]
[BlackElo "2421"]
[BlackRD "63"]
[GameID "377335"]

1. e4 c5 2. Nf3 Nc6 3. d4 cxd4 4. Nxd4 e5 5. Nb5 d6 6. c4 Nf6 7. N1c3 a6 8. Na3 Be7 9. Be2 Nd4 10. Be3 Nxe2
11. Qxe2 Bd7 12. O-O Rc8 13. Bg5 O-O 14. Bxf6 Bxf6 15. Rfd1 Be6 16. Nd5 Bg5 17. Nb1 h5 18. h3 f5 19. exf5 Bxf5 20. Nbc3 Qe8
21. Ne4 Bxe4 22. Qxe4 Qf7 23. Qe2 Qg6 24. Rac1 Bh4 25. Rc3 e4 26. Re3 Rce8 27. Rf1 Re5 28. Nc3 Rfe8 29. Re1 Rf8 30. Rf1=
1/2-1/2

[Event "March Blitz"]
[Site "SchemingMind.com"]
[Date "2015.04.06"]
[Round "-"]
[White "GBEDARD"]
[Black "David Carter"]
[Result "1/2-1/2"]
[WhiteCountry "USA"]
[BlackCountry "USA"]
[WhiteElo "1970"]
[WhiteRD "62"]
[BlackElo "2033"]
[BlackRD "70"]
[GameID "377935"]

1. e4 e5 2. Nf3 Nc6 3. Bb5 a6 4. Ba4 Nf6 5. O-O Nxe4 6. d4 b5 7. Bb3 d5 8. dxe5 Be6 9. Nbd2 Nc5 10. c3 Be7
11. Bc2 Bg4 12. Re1 Qd7 13. Nf1 Rd8 14. Ne3 Bh5 15. b4 Ne6 16. Nf5 d4 17. Be4 Bg6 18. Nxe7 Bxe4 19. Rxe4 Qxe7 20. cxd4 O-O
21. a3 Nexd4 22. Nxd4 Nxd4 23. Rxd4 Rxd4 24. Qxd4 Rd8 25. Bg5 Qxg5 26. Qc3 Qd2=
1/2-1/2

[Event "March Blitz"]
[Site "SchemingMind.com"]
[Date "2015.04.06"]
[Round "-"]
[White "David Carter"]
[Black "GBEDARD"]
[Result "1/2-1/2"]
[WhiteCountry "USA"]
[BlackCountry "USA"]
[WhiteElo "2049"]
[WhiteRD "74"]
[BlackElo "2004"]
[BlackRD "63"]
[GameID "377936"]

1. Nf3 Nf6 2. g3 g6 3. Bg2 Bg7 4. c4 O-O 5. Nc3 d6 6. O-O e5 7. d3 Nc6 8. Rb1 a5 9. a3 Nd4 10. Bg5 h6
11. Bxf6 Qxf6 12. b4 axb4 13. axb4 Bd7 14. Nxd4 exd4 15. Nd5 Qd8 16. b5 Rc8 17. Nb4 c6 18. bxc6 bxc6 19. Qc2 Re8 20. Ra1 Qc7
21. Rfb1 Ra8 22. Kf1 h5 23. c5 Rxa1 24. Rxa1 Bg4 25. Bf3 Bxf3 26. exf3 Qb7 27. Qa4 dxc5 28. Qxc6 Qxc6 29. Nxc6 g5 30. Na5 Ra8
31. Nb3 Rxa1+ 32. Nxa1 f5 33. Nb3 Bf8 34. Ke2 Bd6 35. h3 Kf7 36. Nd2=
1/2-1/2

[Event "March Blitz"]
[Site "SchemingMind.com"]
[Date "2015.04.06"]
[Round "-"]
[White "GBEDARD"]
[Black "Kent"]
[Result "1/2-1/2"]
[WhiteCountry "USA"]
[BlackCountry "USA"]
[WhiteElo "1970"]
[WhiteRD "62"]
[BlackElo "2176"]
[BlackRD "61"]
[GameID "377937"]

1. e4 e6 2. d4 d5 3. Nc3 Bb4 4. e5 c5 5. a3 Bxc3+ 6. bxc3 Ne7 7. Qg4 cxd4 8. Qxg7 Rg8 9. Qxh7 Qc7 10. Ne2 Nbc6
11. f4 dxc3 12. Qd3 d4 13. Nxd4 Nxd4 14. Qxd4 Bd7 15. Rb1 Nf5 16. Qb4 Bc6 17. Qxc3 Qe7 18. Be3 Qh4+ 19. Bf2 Qxf4 20. Rg1 Qxh2
21. g3 Rd8 22. Be2 Nh4 23. Rd1 Ng2+ 24. Kf1 Rxd1+ 25. Bxd1 Qh3 26. Qc5 Rg5 27. Qxa7 Ne3+ 28. Ke1 Nc4 29. Be2 Rxe5 30. Bd4 Re4
31. Bf6 Kd7 32. Qc5 Bd5 33. Qe7+ Kc6 34. Kd1 Qh2 35. Re1 Qxg3 36. Qe8+ Kb6 37. Qa8 Qf4 38. Qd8+ Kb5 39. a4+ Kxa4 40. Bxc4 Rxc4=
1/2-1/2

[Event "March Blitz"]
[Site "SchemingMind.com"]
[Date "2015.04.06"]
[Round "-"]
[White "Kent"]
[Black "GBEDARD"]
[Result "1-0"]
[WhiteCountry "USA"]
[BlackCountry "USA"]
[WhiteElo "2176"]
[WhiteRD "61"]
[BlackElo "1970"]
[BlackRD "62"]
[GameID "377938"]

1. d4 Nf6 2. c4 e6 3. Nc3 c5 4. d5 exd5 5. cxd5 d6 6. e4 g6 7. Nge2 Bg7 8. Ng3 a6 9. a4 h5 10. Be2 O-O
11. Bg5 Qc7 12. Qd2 Nbd7 13. O-O b6 14. Bh6 h4 15. Nh1 Re8 16. f3 h3 17. gxh3 Kh7 18. Be3 Bb7 19. Nf2 Kg8 20. Ng4 Ne5
21. Nxf6+ Bxf6 22. f4 Nd7 23. e5 Bg7 24. Bc4 Rad8 25. e6 Nf8 26. f5 gxf5 27. Rxf5 fxe6 28. dxe6 Nxe6 29. Nd5 Bxd5 30. Bxd5 Qd7
31. Raf1 Qxa4 32. Rg5 Re7 33. Rg6 Rde8 34. Qf2 Kh8 35. Rg4 Qd7 36. Qh4+ Kg8 37. Bh6 b5 38. Rf5 c4 39. Rh5 Qa7+ 40. Kg2 Rb8
41. Bxg7 Kf7 42. Bd4 Qc7 43. Rh7+
1-0

[Event "March Blitz"]
[Site "SchemingMind.com"]
[Date "2015.04.06"]
[Round "-"]
[White "GBEDARD"]
[Black "Stephen Woodhouse"]
[Result "1-0"]
[WhiteCountry "USA"]
[BlackCountry "ENG"]
[WhiteElo "1970"]
[WhiteRD "62"]
[BlackElo "1873"]
[BlackRD "50"]
[GameID "377939"]

1. e4 e6 2. d4 d5 3. Nc3 Nf6 4. Bg5 dxe4 5. Nxe4 Be7 6. Bxf6 Bxf6 7. Nf3 O-O 8. Qd2 Nd7 9. O-O-O b6 10. Bc4 Bb7
11. Rhe1 c5 12. d5 exd5 13. Bxd5 Bxd5 14. Qxd5 Ne5 15. Nxe5
1-0

[Event "March Blitz"]
[Site "SchemingMind.com"]
[Date "2015.04.06"]
[Round "-"]
[White "Stephen Woodhouse"]
[Black "GBEDARD"]
[Result "1-0"]
[WhiteCountry "ENG"]
[BlackCountry "USA"]
[WhiteElo "1873"]
[WhiteRD "50"]
[BlackElo "1970"]
[BlackRD "62"]
[GameID "377940"]

1. e4 d6 2. d4 Nf6 3. Nc3 g6 4. f4 Bg7 5. Nf3 O-O 6. Bd3 Nc6 7. e5 dxe5 8. fxe5 Nh5 9. Be3 Bg4 10. Be2 f6
11. Bc4+ e6 12. exf6 Nxf6 13. O-O Nd5 14. Nxd5 exd5 15. Bb3 Na5 16. h3 Nxb3 17. axb3 Qe8 18. Qd2 Bxf3 19. Rxf3 Rxf3 20. gxf3 Qf7
21. Kg2 Rf8 22. Rf1 Qf5 23. c4 b6 24. Rf2 a5 25. Qc2 Qe6 26. Qd3 Rf5 27. Bd2 Rh5 28. f4 Bxd4 29. Qxd4 Qxh3+ 30. Kg1 Qh2+
31. Rxh2
1-0

[Event "March Blitz"]
[Site "SchemingMind.com"]
[Date "2015.04.06"]
[Round "-"]
[White "GBEDARD"]
[Black "frankly"]
[Result "0-1"]
[WhiteCountry "USA"]
[BlackCountry "ENG"]
[WhiteElo "1970"]
[WhiteRD "62"]
[BlackElo "2421"]
[BlackRD "63"]
[GameID "377941"]

1. e4 c5 2. Nf3 Nc6 3. d4 cxd4 4. Nxd4 e5 5. Nb5 d6 6. c4 Nf6 7. N1c3 a6 8. Na3 Be6 9. Bd3 Be7 10. Nc2 O-O
11. O-O Nd7 12. b3 Rc8 13. Bb2 Nc5 14. Be2 Bg5 15. Bg4 Qf6 16. Bxe6 fxe6 17. b4 Nd7 18. c5 Nd4 19. cxd6 Rc4 20. Qd3 Rfc8
21. Nxd4 exd4 22. Ne2 e5 23. f4 Bxf4 24. Nxf4 exf4 25. Rad1 Qxd6 26. Qb3 Qxb4 27. Rxf4 Nf8 28. Rf2 Qxb3 29. axb3 Rb4 30. Bxd4 Rxb3
31. g3 Ne6 32. Bb2 a5 33. Rd7 h6 34. Be5 b5 35. Re7 Rc6 36. Kg2 a4 37. Kh3 a3 38. Kg4 Rd3 39. Rb7 Rc5 40. Kf5 Rd6
41. Re7 b4 42. Rxe6 Rxe6 43. Kxe6 Rxe5+ 44. Kxe5 b3 45. Rf3 a2
0-1

[Event "March Blitz"]
[Site "SchemingMind.com"]
[Date "2015.04.06"]
[Round "-"]
[White "frankly"]
[Black "GBEDARD"]
[Result "1-0"]
[WhiteCountry "ENG"]
[BlackCountry "USA"]
[WhiteElo "2421"]
[WhiteRD "63"]
[BlackElo "1970"]
[BlackRD "62"]
[GameID "377942"]

1. d4 Nf6 2. Nf3 e6 3. c4 c5 4. d5 exd5 5. cxd5 d6 6. e4 a6 7. Bd3 Bg4 8. Nbd2 Nbd7 9. O-O Be7 10. Qc2 O-O
11. h3 Bh5 12. a4 Qc7 13. Re1 Rfc8 14. a5 Re8 15. g4 Bg6 16. Nc4 Ne5 17. Nfxe5 dxe5 18. Bf1 Nxd5 19. Qa4 Nb4 20. Nb6 Rad8
21. Bc4 Qd6 22. f3 Bh4 23. Rf1 Qd4+ 24. Kg2 Nd3 25. Bd5 Nf4+ 26. Bxf4 Qxb2+ 27. Kg1 exf4 28. Bxb7 Qe2 29. Ra2 Qe3+ 30. Kh1 h6
31. Bd5 h5 32. Qc4 Rb8 33. Re2 Qa3 34. Qxa6 Red8 35. Ra2 Qe3 36. Qc4 Bf6 37. Kg2 hxg4 38. hxg4 Bd4 39. Rb1 Re8 40. Qc2 Rbd8
41. a6 Qc3 42. Qxc3 Bxc3 43. Bc6 Re6 44. a7 Rxc6 45. Nd5 Bf6 46. Rb8 Bg5 47. Rxd8+ Bxd8 48. Ne7+
1-0

[Event "March Blitz"]
[Site "SchemingMind.com"]
[Date "2015.04.06"]
[Round "-"]
[White "GBEDARD"]
[Black "David Perna-Fraser"]
[Result "1/2-1/2"]
[WhiteCountry "USA"]
[BlackCountry "CAN"]
[WhiteElo "1970"]
[WhiteRD "62"]
[BlackElo "2257"]
[BlackRD "56"]
[GameID "377943"]

1. e4 e5 2. Nf3 Nf6 3. Nxe5 d6 4. Nf3 Nxe4 5. d4 d5 6. Bd3 Bd6 7. O-O O-O 8. c4 c6 9. Qc2 Na6 10. a3 Bg4
11. Ne5 Bxe5 12. dxe5 Nac5 13. f3 Nxd3 14. Qxd3 Nc5 15. Qd4 Nb3 16. Qxg4 Nxa1 17. Bh6 g6 18. Nc3 Qb6+ 19. Kh1 Qxb2 20. Qf4 f5
21. Na4 Qxa3 22. e6 Qe7=
1/2-1/2